Textbook of Nursing Management and Leadership / (Record no. 1666)

MARC details
000 -LEADER
Fixed length control field 00492nam a2200193Ia 4500
003 - CONTROL NUMBER IDENTIFIER
Control field IIN
005 - DATE AND TIME OF LATEST TRANSACTION
Control field 20240618124353.0
008 - FIXED-LENGTH DATA ELEMENTS--GENERAL INFORMATION
Fixed length control field 240618b |||||||| |||| 00| 0 eng d
020 ## - INTERNATIONAL STANDARD BOOK NUMBER / ISBN
International Standard Book Number 9788131267615
Price 835.00
040 ## - CATALOGING SOURCE
Original cataloging agency IIN
Language of cataloging Eng
082 ## - DEWEY DECIMAL CLASSIFICATION NUMBER
Classification number 610.7
Book Number CLE
100 1# - MAIN ENTRY--PERSONAL NAME
Personal name Clement, I
245 1# - TITLE STATEMENT
Title Textbook of Nursing Management and Leadership /
Statement of responsibility I Clement
250 ## - EDITION STATEMENT
Edition statement 4th ed
260 ## - IMPRINT
Place of publication New Delhi
Name of publisher Elsevier
Date of publication 2024
300 ## - PHYSICAL DESCRIPTION
Page / Vol. No xx, 964p.
650 1# - SUBJECT ADDED ENTRY--TOPICAL TERM
Topical term Management
Form subdivision Nursing
942 ## - ADDED ENTRY ELEMENTS (KOHA)
Koha item type Books
Holdings
Withdrawn status Lost status Source of classification Damaged status Not for loan Collection code Home library Current library Date acquired Price Total Checkouts Call number Accession number Date last seen Price effective from Koha item type Checked out Date checked out Shelving location
    Dewey Decimal Classification     Purches Book IDEAL INSTITUTE OF NURSING IDEAL INSTITUTE OF NURSING 24/04/2024 835.00   610.7 CLE 1732 18/06/2024 18/06/2024 Books      
    Dewey Decimal Classification     Purches Book IDEAL INSTITUTE OF NURSING IDEAL INSTITUTE OF NURSING 24/04/2024 835.00 1 610.7 CLE 1733 06/05/2026 18/06/2024 Books 13/05/2026 06/05/2026  
    Dewey Decimal Classification     Purches Book IDEAL INSTITUTE OF NURSING IDEAL INSTITUTE OF NURSING 24/04/2024 835.00 1 610.7 CLE 1734 28/03/2025 18/06/2024 Books   26/03/2025  
    Dewey Decimal Classification     Purches Book IDEAL INSTITUTE OF NURSING IDEAL INSTITUTE OF NURSING 11/03/2025     610.7 CLE 1841 03/04/2025 03/04/2025 Books     General Stacks
© Ideal Institute Of Nursing, All rights reserved.         Powered by Koha